| 000 | 00835cac a22002531u 4500 | ||
|---|---|---|---|
| 090 | _c5585 | ||
| 008 | 081102t1978 xxu||||| |||| 00| 0 eng d | ||
| 010 | _a 78001117 | ||
| 020 | _a0471018864 | ||
| 082 | 0 | 0 |
_a001.64 _bMCG |
| 100 | _aMcGlynn, Daniel R. | ||
| 245 | 1 | 0 |
_aDistributed processing and data communications / _cDaniel R. McGlynn. |
| 260 |
_aNew York : _bWiley, _cc1978. |
||
| 300 |
_axiii, 305 p. : _bill. ; _c24 cm. |
||
| 500 | _a"A Wiley-Interscience publication." | ||
| 500 | _aIncludes index. | ||
| 500 | _aDistributer : Al-Ahram. | ||
| 504 | _aBibliography: p. 276-279. | ||
| 511 | _aCatalogued By : Mahitab. | ||
| 650 | 0 |
_aElectronic data processing _xDistributed processing. |
|
| 650 | 0 | _aComputer networks. | |
| 942 |
_cBB _k001.64MCG _2ddc |
||
| 999 |
_c5585 _d5585 |
||